• 首页
  • 本馆介绍
  • 公告通知
  • 最新文献
  • 馆藏检索
  • 电子资源
  • 读者导购
  • 参考咨询
  • 我的图书馆
  • 登录
  • 详细信息显示
  • 放入我的书架
  • 预约/预借图书
  • 作者相关作品
  • 分类相关作品
  • 丛书相关作品
  • 出版社相关作品

书目信息

  • 表格格式
  • 工作单格式
  • 卡片格式
题名:
财务会计基础及经济管理研究
    
 
作者: 姜晓琳 , 韩璐 , 杨硕 主编
分册:  
出版信息: 北京   文化发展出版社  2020.7
页数: 332页
开本: 24cm
丛书名:
单 册:
中图分类: F234.4 , F272
科图分类:
主题词: 财务会计--cai wu hui ji , 企业管理--qi ye guan li--经济管理
电子资源:
ISBN: 978-7-5142-3032-1
000 01221nam0 2200277 450
001 2158030650
005 20211011172911.0
010    @a978-7-5142-3032-1@dCNY58.00
100    @a20200707d2020 em y0chiy0110 ea
101 0  @achi
102    @aCN@b110000
105    @ay z 000yy
106    @ar
200 1  @a财务会计基础及经济管理研究@Acai wu hui ji ji chu ji jing ji guan li yan jiu@f姜晓琳, 韩璐, 杨硕主编
210    @a北京@c文化发展出版社@d2020.7
215    @a332页@d24cm
330    @a本书根据财务会计基础及经济管理的各项政策和规定进行编写,具体内容包括:财务会计基础理论、货币资金与应收款项研究、存货与投资研究、固定资产与无形资产研究、流动负债与非流动负债研究、财务报告与会计调整研究、企业经营计划与市场营销管理研究、企业人力资源与财务管理研究等。本书理论与实际相结合,对财务会计基础及经济管理有一定指导意义,可供财务会计基础及经济管理行业从事科研、教育、设计、生产及管理的人士阅读和参考。
606 0  @a财务会计@Acai wu hui ji
606 0  @a企业管理@Aqi ye guan li@x经济管理
690    @aF234.4@v5
690    @aF272@v5
701  0 @a姜晓琳@Ajiang xiao lin@4主编
701  0 @a韩璐@Ahan lu@4主编
701  0 @a杨硕@Ayang shuo@4主编
801  0 @aCN@b百万庄@c20211007
905    @b1306889-892@dF234.4@e757@f4
    
    财务会计基础及经济管理研究/姜晓琳, 韩璐, 杨硕主编.-北京:文化发展出版社,2020.7
    332页;24cm
    
    
    ISBN 978-7-5142-3032-1:CNY58.00
    本书根据财务会计基础及经济管理的各项政策和规定进行编写,具体内容包括:财务会计基础理论、货币资金与应收款项研究、存货与投资研究、固定资产与无形资产研究、流动负债与非流动负债研究、财务报告与会计调整研究、企业经营计划与市场营销管理研究、企业人力资源与财务管理研究等。本书理论与实际相结合,对财务会计基础及经济管理有一定指导意义,可供财务会计基础及经济管理行业从事科研、教育、设计、生产及管理的人士阅读和参考。
●
相关链接 在E读中查询图书 在五车中查询图书 在当当中查询图书 在豆瓣中查询图书


正题名:财务会计基础及经济管理研究     索取号:F234.4/757         预约/预借

序号 登录号 条形码 馆藏地/架位号 状态 备注
1 1306889   213068892   第一样本阅览室/ [索取号:F234.4/757] 在馆    
2 1306890   213068909   第一借阅区/ [索取号:F234.4/757] 在馆    
3 1306891   213068918   第一借阅区/ [索取号:F234.4/757] 在馆    
4 1306892   213068927   第一借阅区/ [索取号:F234.4/757] 在馆    
欢迎您!
大连网信软件有限公司© 版权所有